Zlomená láska /
Jeho pečlivě skrývaná tajemství začínají vyplouvat na povrch. Bude ho i přesto dál milovat? Pokračování romance Zatracená láska.
Uloženo v:
| Série: | Zatracená láska,
část 2 |
|---|---|
| Hlavní autor: | |
| Médium: | E-kniha |
| Jazyk: | Czech |
| Vydáno: |
V Praze :
Fragment,
2022
|
| Vydání: | 1. vydání |
| Témata: | |
| Příbuzné jednotky: | Z cyklu::
Zatracená láska |
| Tagy: |
Žádné tagy |
| LEADER | 02475nam a2200469 i 4500 | ||
|---|---|---|---|
| 001 | 311495 | ||
| 003 | CZ PrSKC | ||
| 005 | 20260601215706.0 | ||
| 007 | ta | ||
| 008 | 220110s2022 xr d 000 f cze | ||
| 015 | |a cnb003390574 | ||
| 020 | |a 9788025354971 |q (brožováno) : |c Kč 399,00 | ||
| 035 | |a (OCoLC)1310112027 | ||
| 040 | |a ABG001 |b cze |d ABA001 |e rda | ||
| 072 | 7 | |a 821.162.3-3 |x Česká próza |2 Konspekt | |
| 072 | 7 | |a 821-93 |x Literatura pro děti a mládež (beletrie) |2 Konspekt | |
| 080 | |a 821.162.3-31 |2 MRF | ||
| 080 | |a 821-93 |2 MRF | ||
| 080 | |a (0:82-31)-055.25 |2 MRF | ||
| 100 | 1 | |a Puffrová, Tess M. |7 jo20201080954 |4 aut | |
| 245 | 1 | 0 | |a Zlomená láska / |c Tess M. Puffrová |
| 250 | |a 1. vydání | ||
| 264 | 1 | |a V Praze : |b Fragment, |c 2022 | |
| 300 | |a 294 stran ; |c 21 cm | ||
| 336 | |a text |b txt |2 rdacontent | ||
| 337 | |a bez média |b n |2 rdamedia | ||
| 338 | |a svazek |b nc |2 rdacarrier | ||
| 520 | 2 | |a Jeho pečlivě skrývaná tajemství začínají vyplouvat na povrch. Bude ho i přesto dál milovat? Pokračování romance Zatracená láska. |b Anna a Maddox překonali nedůvěru okolí i nesouhlas Anniných rodičů a konečně tvoří oficiální pár. Místo toho, aby si užívali šťastné chvilky, jejich vztah balancuje na hraně. Maddox si dává za vinu tragické události uplynulých dní. Anna se cítí odmítaná a nejistá, navíc ji trápí Maddoxova temná minulost. Na povrch totiž začnou vyplouvat další pečlivě skrývaná tajemství, která ohrožují víc než jen jejich vztah... Nakladatelská anotace. | |
| 521 | 8 | |a Pro čtenáře od 15 let | |
| 655 | 7 | |a české romány |7 fd133974 |2 czenas | |
| 655 | 7 | |a publikace pro mládež |7 fd133157 |2 czenas | |
| 655 | 7 | |a dívčí romány |7 fd132186 |2 czenas | |
| 655 | 9 | |a Czech fiction |2 eczenas | |
| 655 | 9 | |a juvenile literature |2 eczenas | |
| 655 | 9 | |a girls' novels |2 eczenas | |
| 787 | 0 | 8 | |i Z cyklu: |t Zatracená láska |g 2 |
| 900 | |a ABA001 |b 21 | ||
| 928 | 9 | |a Albatros Media - Fragment | |
| 044 | |a xr | ||
| 910 | |a RBIT002 | ||
| 998 | |d 345605 |a https://core.palmknihy.cz/api/books/345605/cover?si64v2 |b https://core.palmknihy.cz/api/books/345605/cover/400?si64v2 |c https://core.palmknihy.cz/api/books/345605/cover/50?si64v2 |e 2031-12-31 |g 296 |i 9788025354971 |j https://core.palmknihy.cz/api/books/345605/preview.epub |k https://core.palmknihy.cz/api/books/345605/preview.pdf |l |q 49 |r 1 |s https://www.palmknihy.cz/kniha/345605 |t ebook |y 2022 |z 0 |v Zatracená láska |w 2 | ||
| 999 | |d 311493 | ||